000
00291 a2200133 4500
000
nam a22 7a 4500
100
_a
R S N Pillai
110
_a
R S N Pillai
245
_a
Statistics
250
_a
latest edition
260
_b
S Chand
_c
2024
264
_b
S Chand
_c
2024
942
_c
BK
999
_c
394374
_d
394374